000 01140nab a22002297a 4500
999 _c5526
_d5526
003 OSt
005 20251215112453.0
008 190604e xxu||||| |||| 00| 0 spa d
040 _cPJ
100 _96506
_aDel Río, María Morena
245 1 0 _aDecreto 493/2025. Actualizaciones al marco regulatorio para la prestación del servicio público de agua potable y desagües cloacales /
_cMaría Morena del Río, Lucrecia Re y Dolores Perino
260 _aCiudad Autónoma de Buenos Aires :
_bThomson Reuters La Ley,
_c2025.
300 _ap. 60-63
500 _aCita Online: TR LALEY AR/DOC/2383/2025.
505 _aSumario: I. Introducción.— II. Breve reseña histórica.— III. Principales modificaciones.— IV. Conclusiones.
505 _t¿Te interesa el texto completo? Solicitalo al correo: koha@justierradelfuego.gov.ar
650 0 _91432
_aSERVICIO PÚBLICO
700 _96507
_aRe, Lucrecia
_ecoautor
700 _96508
_aPerino, Dolores
_ecoautor
773 0 _02714
_93171
_dCiudad Autónoma de Buenos Aires : Thomson Reuters La Ley, 2014-
_tRevista anales de legislación argentina. Nº 11- Noviembre 2025.
942 _2udc
_cANA